Prueba de Río Negro - Estadísticas

Estadísticas generales
  • Esta prueba ha sido intentada 24 veces
  • La puntuación promedio es 10 de 15
Estadísticas de respuestas
Pregunta Respuesta % Correcto
Región argentina que integra Río Negro Región Patagónica
90%
Capital Viedma
90%
Río que separa esas dos ciudades Río Negro
86%
Ciudad más poblada San Carlos de Bariloche
86%
Animal que es la versión salvaje de la llama Guanaco
81%
Nombra uno de las frutas principales cultivadas Manzanas | Peras
81%
Este parque nacional fue el primer del país Nahuel Huapi
76%
Gentilicio Rionegrino
71%
Esa ciudad se considera un destino a nivel mundial de este deporte Esquí
67%
Provincia que limita con Río Negro en solo un punto cuatrifinio Mendoza
67%
Ciudad bonaerense enfrente de la capital Carmen de Patagones
62%
Año de su declaración de autonomía 1955
38%
¿Qué son las localidades de Playas Doradas, Las Grutas y La Lobería? Balnearios
38%
Departamento más poblado (nombrado por un presidente) General Roca
38%
Actriz que interpretó a Josefina Beltrán en Patito feo Thelma Fardín
14%
No se encontraron pruebas coincidentes
Distribución de puntuación
Porcentaje de gente con cada puntuación
Porcentaje por número respondido
Historial de tus puntuaciones
No has intentado esta prueba.